000
00337nam a2200145Ia 4500
005
20251222144823.0
008
251222s9999||||xx |||||||||||||| ||spa||
020
_a
9789606632167
082
_a
450/B84
100
_a
Brogini, P
245
0
_a
Raccontare il Novecento
250
_a
1ra.ed.
264
_b
Edizioni Edilingua
942
_c
LIB
999
_c
20546
_d
20546